Paesi di origine dei Papi - Statistics

Statistiche generali
  • Questo quiz è stato fatto 91 volte
  • Il punteggio medio è 13 su 16
Statistiche sulle risposte
# Papi Paesi % Corretto
212 Italia / Città del Vaticano
100%
16 Francia
97%
6 Germania
96%
2 Spagna
96%
1 Stati Uniti
96%
1 Polonia
95%
1 Argentina
94%
1 Portogallo
88%
1 Regno Unito
82%
3 Grecia
77%
1 Paesi Bassi
73%
2 Turchia
71%
3 Israele
64%
2 Croazia
59%
3 Siria
59%
1 Libia
46%
Nessun quiz corrispondente trovato
Distribuzione punteggi
Percentuale di utenti per punteggio
Percentile per numero di risposta
I tuoi punteggi nel tempo
Non hai fatto questo quiz